Manažment podniku v čase hospodárskej a finančnej krízy
Hlavné prejavy krízy v podnikoch. Plánovanie v čase krízy. Kríza a organizácia podniku. Ekonomika a financie v čase krízy. Kontroling.
Na minha lista:
| Autor principal: | |
|---|---|
| Formato: | Capítulo de Livro |
| Idioma: | eslovaco |
| Assuntos: | |
| Tags: |
Sem tags, seja o primeiro a adicionar uma tag!
|
MARC
| LEADER | 00000nla$a2200000$$$4500 | ||
|---|---|---|---|
| 001 | 0104639 | ||
| 005 | 20240502072139.9 | ||
| 041 | 0 | |a slo | |
| 044 | |a SK | ||
| 245 | 1 | 0 | |a Manažment podniku v čase hospodárskej a finančnej krízy |c Miroslav Grznár |
| 520 | |a Hlavné prejavy krízy v podnikoch. Plánovanie v čase krízy. Kríza a organizácia podniku. Ekonomika a financie v čase krízy. Kontroling. | ||
| 610 | 2 | 0 | |a podnik |
| 610 | 2 | 0 | |a riadenie podnikové |
| 610 | 2 | 0 | |a kríza hospodárska |
| 610 | 2 | 0 | |a kríza finančná |
| 610 | 2 | 0 | |a plánovanie podnikové |
| 610 | 2 | 0 | |a organizácia podniku |
| 610 | 2 | 0 | |a kontroling |
| 100 | 1 | |a Grznár, Miroslav | |